000 01486nam a2200349 a 4500
001 000014203
003 DO-SdBNP
005 20220309125128.0
007 ta
008 091207s2003 dr 000 0aspa d
040 _aDO-SdBNP
_bspa
_cBPMSU
082 4 _a920.71
_bM378F 2003
_222
100 1 _aFerrer Canales, José
245 1 0 _aImagen de José Martí en don Fernando de Los Ríos /
_cJosé Ferrer Canales ; director Diógenes Céspedes ; introducción Carmen Durán.
260 _aSanto Domingo :
_bBiblioteca Nacional Pedro Henríquez Ureña,
_c2003.
300 _a26 p. ;
_c19 cm.
490 0 _aBiblioteca Nacional "Pedro Henríquez Ureña" ;
_aMonografía,
_v4
500 _aIncluye datos biográficos del autor en la contracubierta.
500 _aMonografía 4 "Para la Libertad"
504 _aIncluye referencias bibliográficas y notas al pie de las páginas
505 0 _aDuarte y Martí /
_rCarmen Durán --
_t Imagen de José Martí en don Fernando de Los Ríos.
590 _6Inventariado, 2022/VM
600 1 4 _aMartí, José,
_d1853-1895
_xHomenajes.
600 1 4 _aRios Urruti, Fernando de los,
_d1879-1949
651 4 _aCaribe (Región)
_vEnsayos, conferencias, etc.
651 4 _aCuba
_vEnsayos, conferencias, etc .
700 1 _aCéspedes, Diógenes,
_d1941-
_edirección
700 1 _aDurán, Carmen,
_eintroducción
710 2 _aBiblioteca Nacional Pedro Henríquez Ureña (República Dominicana)
910 _aVMateo V.
942 _2ddc
_cBK
999 _c14054
_d14054